| 000 | 00868nam a22002297a 4500 | ||
|---|---|---|---|
| 003 | OSt | ||
| 005 | 20260512142824.0 | ||
| 008 | 260512b |||||||| |||| 00| 0 eng d | ||
| 020 | _a9781529415469 | ||
| 040 | _aKenya National Library Service | ||
| 082 | _a823.92 CAL | ||
| 100 | _aCaldecott, Andrew | ||
| 245 |
_aMomenticon / _cAndrew Caldecott ; illustrated by Nicola Howell Hawley. |
||
| 300 |
_a362 pages : _billustrations ; _c20 cm |
||
| 520 | _aMomenticon is a contemporary speculative fiction novel set in a post-apocalyptic future where humanity survives in domed environments after atmospheric collapse, blending dystopian and science-fiction themes | ||
| 650 | _aScience fiction | ||
| 650 | _aDystopian fiction | ||
| 700 | _aHawley, Nicola Howell | ||
| 942 |
_2ddc _cBK _n0 |
||
| 999 |
_c492719 _d492719 |
||